000 02741cam a22006614i 4500
003 PE-LiUPU
005 20250731170410.0
008 151117s2011 sp a rb 001 0 spa d
020 _a8497567277
020 _a9788497567275
035 _a(Sirsi) i9788497567275
040 _aPE-LiUPU
_bspa
_cPE-LiUPU
_erda
049 _aPRUA
082 0 4 _a150.15195
_bA11
100 1 _aAbad, Francisco J.,
_eautor.
245 1 0 _aMedición en ciencias sociales y de la salud /
_cFrancisco J. Abad, Julio Olea, Vicente Ponsoda, Carmen García.
264 1 _aMadrid :
_bSíntesis,
_c[2011].
300 _a555 páginas :
_bilustraciones ;
_c23 centímetros
336 _atext
_2rdacontent
337 _aunmediated
_2rdamedia
338 _avolume
_2rdacarrier
504 _aíndice de materias : páginas 551-555.
504 _aReferencias bibliográficas : páginas 533-550.
505 0 _aConstrucción de tests y análisis de ítems -- Modelo clásico de fiabilidad -- Introducción a la teoría de la Respuesta Item -- Conceptos y evidencias de validez -- Análisis factorial exploratorio -- Interpretación de las puntuaciones -- Métodos alternativos para estimar el coeficiente de fiabilidad -- Fiabilidad interjueces y medición del cambio -- Análisis factorial confirmatorio -- TRI: procedimientos estadísticos -- Modelos politómicos de Tri: modelos de ítems de categorías ordenadas -- Funcionamiento diferencial de los ítems y adaptación de tests a otras culturas -- Otras estrategias de validación -- Tests informatizado otros formatos de tests.
526 _aSEG68
526 _aSEG70
526 _aSEG69
526 _aSEG67
526 _aSEG43
526 _aP144
526 _aP143
526 _aP131
526 _aP122
526 _aP120
526 _aP117
526 _aP112
526 _aP110
526 _aP106
526 _aP101
526 _aP80
526 _aP59
526 _aP54
526 _aP35
526 _aP33
526 _aP30
541 _g001-001615;
650 0 4 _aPsicometría.
650 0 4 _aTests psicológicos.
700 1 _aGarcía, Carmen,
_eautor.
700 1 _aOlea, Julio,
_eautor.
700 1 _aPonsoda, Vicente,
_eautor.
910 _acce
_bjck
_ccce
_d20151117
942 _2ddc
_cBOOK
949 _a150.15195 A11
_wDEWEY
_c1
_i72043
_lCCODEBUL1
_mBUL
_p78.00
_r0
_sY
_tBOOK
_u2015-11-17
_xSALUD
_PP33
_0COMPRA
_o.STAFF. Colección General
994 _aC0
_bPEPRU
596 _a1
999 _a150.15195 A11
_wDEWEY
_c7896
_i72043
_d7896
_e2017-3-6
_f2021-11-3
_g5
_lCCODEBUL1
_mBUL
_n2
_p78.00
_q2
_r0
_sY
_tBOOK
_u2015-11-17
_xSALUD
_PP33
_0COMPRA
_o.STAFF. Colección General
980 _81
_gALBERTO SANCHEZ Responsable de Automatización